An ABC of planning : (Record no. 215212)

MARC details
000 -LEADER
fixed length control field 01158nam a2200325 a 4500
001 - CONTROL NUMBER
control field vtls000208040
003 - CONTROL NUMBER IDENTIFIER
control field NLI
005 - DATE AND TIME OF LATEST TRANSACTION
control field 20210602120141.0
008 - FIXED-LENGTH DATA ELEMENTS--GENERAL INFORMATION
fixed length control field 101126s1982 ru 000 0 eng
039 #9 - LEVEL OF BIBLIOGRAPHIC CONTROL AND CODING DETAIL [OBSOLETE]
-- 201011260028
-- VLOAD
040 0# - CATALOGING SOURCE
Original cataloging agency NLI
Language of cataloging eng
Transcribing agency Datasoft 1
Description conventions AACR2
041 1# - LANGUAGE CODE
Language code of text/sound track or separate title eng
Language code of original rus
044 ## - COUNTRY OF PUBLISHING/PRODUCING ENTITY CODE
MARC country code ru
082 04 - DEWEY DECIMAL CLASSIFICATION NUMBER
Classification number 338.9
100 1# - MAIN ENTRY--PERSONAL NAME
Personal name Cherevik, E.
9 (RLIN) 395388
245 13 - TITLE STATEMENT
Title An ABC of planning :
Remainder of title fundamentals of the theory and methodology of economic planning /
Statement of responsibility, etc. E. Cherevik, Y. Shvyrkov ; translated from the Russian by Peter Greenwood
260 ## - PUBLICATION, DISTRIBUTION, ETC.
Place of publication, distribution, etc. Moscow :
Name of publisher, distributor, etc. Progress Pub.,
Date of publication, distribution, etc. c1982
300 ## - PHYSICAL DESCRIPTION
Extent 246 p. ;
Dimensions 21 cm.
651 #0 - SUBJECT ADDED ENTRY--GEOGRAPHIC NAME
Geographic name Europe, Eastern
General subdivision Economic policy
9 (RLIN) 217692
651 #0 - SUBJECT ADDED ENTRY--GEOGRAPHIC NAME
Geographic name Communist countries
General subdivision Economic policy
9 (RLIN) 213632
700 1# - ADDED ENTRY--PERSONAL NAME
Personal name Shvyrkov, Y,
Relationship jt. aut
9 (RLIN) 395389
700 1# - ADDED ENTRY--PERSONAL NAME
Personal name Greenwood, Peter,
Relationship trl
9 (RLIN) 395390
887 ## - NON-MARC INFORMATION FIELD
Content of non-MARC field
901 ## - LOCAL DATA ELEMENT A, LDA (RLIN)
a EX4180
b 08.01.1987
902 ## - LOCAL DATA ELEMENT B, LDB (RLIN)
a E 338.9 C 422
949 ## - LOCAL PROCESSING INFORMATION (OCLC)
-- VIRTUAITEM
-- 10000
-- 100
6 EXX000004180ENG
942 ## - ADDED ENTRY ELEMENTS (KOHA)
Source of classification or shelving scheme Dewey Decimal Classification
Koha item type Books
991 ## -
-- sonali 17.03.2010
Holdings
Withdrawn status Lost status Damaged status Not for loan Collection code Home library Current library Shelving location Date acquired Total Checkouts Full call number Barcode Date last seen Price effective from Koha item type
        New English National Library of India National Library of India New English - Main Stack Division     E 338.9 C 422 EXX000004180ENG 02/06/2021 02/06/2021 Books
                                                                           
web counter

Copyright ©2020 The National Library of India, Govt. of India ↔ Hosted by NVLI, MOC ↔ Technology and Design by National Library of India, Ministry of Culture, Govt. of India